<?xml version="1.0" encoding="UTF-8"?>
<record
    xmlns:xsi="http://www.w3.org/2001/XMLSchema-instance"
    xsi:schemaLocation="http://www.loc.gov/MARC21/slim http://www.loc.gov/standards/marcxml/schema/MARC21slim.xsd"
    xmlns="http://www.loc.gov/MARC21/slim">

  <leader>02224nam a22003377a 4500</leader>
  <controlfield tag="003">NALT</controlfield>
  <controlfield tag="005">20240514142907.0</controlfield>
  <controlfield tag="008">200630b        th ||||| |||| 00| 0 tha d</controlfield>
  <datafield tag="040" ind1=" " ind2=" ">
    <subfield code="a">NALT</subfield>
  </datafield>
  <datafield tag="090" ind1=" " ind2=" ">
    <subfield code="a">IS 11/2561 &#xE01;.4</subfield>
  </datafield>
  <datafield tag="110" ind1="2" ind2=" ">
    <subfield code="9">53876</subfield>
    <subfield code="a">&#xE19;&#xE31;&#xE01;&#xE28;&#xE36;&#xE01;&#xE29;&#xE32;&#xE2A;&#xE16;&#xE32;&#xE1A;&#xE31;&#xE19;&#xE1E;&#xE23;&#xE30;&#xE1B;&#xE01;&#xE40;&#xE01;&#xE25;&#xE49;&#xE32; &#xE2B;&#xE25;&#xE31;&#xE01;&#xE2A;&#xE39;&#xE15;&#xE23;&#xE01;&#xE32;&#xE23;&#xE1E;&#xE31;&#xE12;&#xE19;&#xE32;&#xE19;&#xE31;&#xE01;&#xE1A;&#xE23;&#xE34;&#xE2B;&#xE32;&#xE23;&#xE23;&#xE30;&#xE14;&#xE31;&#xE1A;&#xE2A;&#xE39;&#xE07; &#xE2A;&#xE33;&#xE2B;&#xE23;&#xE31;&#xE1A;&#xE02;&#xE49;&#xE32;&#xE23;&#xE32;&#xE0A;&#xE01;&#xE32;&#xE23;&#xE23;&#xE31;&#xE10;&#xE2A;&#xE20;&#xE32;&#xE2A;&#xE32;&#xE21;&#xE31;&#xE0D; &#xE23;&#xE38;&#xE48;&#xE19;&#xE17;&#xE35;&#xE48; 11 &#xE01;&#xE25;&#xE38;&#xE48;&#xE21;&#xE17;&#xE35;&#xE48; 4</subfield>
  </datafield>
  <datafield tag="245" ind1="1" ind2="0">
    <subfield code="a">&#xE01;&#xE32;&#xE23;&#xE1E;&#xE31;&#xE12;&#xE19;&#xE32;&#xE1A;&#xE17;&#xE1A;&#xE32;&#xE17;&#xE02;&#xE2D;&#xE07;&#xE04;&#xE13;&#xE30;&#xE01;&#xE23;&#xE23;&#xE21;&#xE32;&#xE18;&#xE34;&#xE01;&#xE32;&#xE23;&#xE2A;&#xE32;&#xE21;&#xE31;&#xE0D; / </subfield>
    <subfield code="c">&#xE19;&#xE31;&#xE01;&#xE28;&#xE36;&#xE01;&#xE29;&#xE32;&#xE2A;&#xE16;&#xE32;&#xE1A;&#xE31;&#xE19;&#xE1E;&#xE23;&#xE30;&#xE1B;&#xE01;&#xE40;&#xE01;&#xE25;&#xE49;&#xE32; &#xE2B;&#xE25;&#xE31;&#xE01;&#xE2A;&#xE39;&#xE15;&#xE23;&#xE01;&#xE32;&#xE23;&#xE1E;&#xE31;&#xE12;&#xE19;&#xE32;&#xE19;&#xE31;&#xE01;&#xE1A;&#xE23;&#xE34;&#xE2B;&#xE32;&#xE23;&#xE23;&#xE30;&#xE14;&#xE31;&#xE1A;&#xE2A;&#xE39;&#xE07; &#xE2A;&#xE33;&#xE2B;&#xE23;&#xE31;&#xE1A;&#xE02;&#xE49;&#xE32;&#xE23;&#xE32;&#xE0A;&#xE01;&#xE32;&#xE23;&#xE23;&#xE31;&#xE10;&#xE2A;&#xE20;&#xE32;&#xE2A;&#xE32;&#xE21;&#xE31;&#xE0D; &#xE23;&#xE38;&#xE48;&#xE19;&#xE17;&#xE35;&#xE48; 11 &#xE01;&#xE25;&#xE38;&#xE48;&#xE21;&#xE17;&#xE35;&#xE48; 4 ; &#xE2A;&#xE16;&#xE32;&#xE1A;&#xE31;&#xE19;&#xE1E;&#xE23;&#xE30;&#xE1B;&#xE01;&#xE40;&#xE01;&#xE25;&#xE49;&#xE32;.</subfield>
  </datafield>
  <datafield tag="260" ind1=" " ind2=" ">
    <subfield code="a">&#xE01;&#xE23;&#xE38;&#xE07;&#xE40;&#xE17;&#xE1E;&#xE2F; :</subfield>
    <subfield code="b">&#xE2A;&#xE16;&#xE32;&#xE1A;&#xE31;&#xE19;&#xE1E;&#xE23;&#xE30;&#xE1B;&#xE01;&#xE40;&#xE01;&#xE25;&#xE49;&#xE32;,</subfield>
    <subfield code="c">2562.</subfield>
  </datafield>
  <datafield tag="300" ind1=" " ind2=" ">
    <subfield code="a">109 &#xE2B;&#xE19;&#xE49;&#xE32; :</subfield>
    <subfield code="b">&#xE15;&#xE32;&#xE23;&#xE32;&#xE07; ;</subfield>
    <subfield code="c">29 &#xE0B;&#xE21;.</subfield>
  </datafield>
  <datafield tag="650" ind1=" " ind2="4">
    <subfield code="9">18321</subfield>
    <subfield code="a">&#xE04;&#xE13;&#xE30;&#xE01;&#xE23;&#xE23;&#xE21;&#xE32;&#xE18;&#xE34;&#xE01;&#xE32;&#xE23;</subfield>
  </datafield>
  <datafield tag="700" ind1="0" ind2=" ">
    <subfield code="9">19521</subfield>
    <subfield code="a">&#xE01;&#xE21;&#xE25;&#xE32; &#xE0A;&#xE34;&#xE19;&#xE1E;&#xE07;&#xE28;&#xE4C;</subfield>
  </datafield>
  <datafield tag="700" ind1="0" ind2=" ">
    <subfield code="9">45990</subfield>
    <subfield code="a">&#xE40;&#xE08;&#xE23;&#xE34;&#xE0D;&#xE28;&#xE23;&#xE35; &#xE42;&#xE23;&#xE08;&#xE19;&#xE4C;&#xE27;&#xE07;&#xE28;&#xE4C;&#xE08;&#xE23;&#xE31;&#xE15;</subfield>
  </datafield>
  <datafield tag="700" ind1="0" ind2=" ">
    <subfield code="9">45991</subfield>
    <subfield code="a">&#xE0A;&#xE19;&#xE32;&#xE20;&#xE31;&#xE17;&#xE23; &#xE0A;&#xE48;&#xE32;&#xE07;&#xE17;&#xE2D;&#xE07;</subfield>
  </datafield>
  <datafield tag="700" ind1="0" ind2=" ">
    <subfield code="9">45992</subfield>
    <subfield code="a">&#xE0A;&#xE39;&#xE15;&#xE34;&#xE01;&#xE38;&#xE25; &#xE40;&#xE25;&#xE34;&#xE28;&#xE27;&#xE34;&#xE08;&#xE34;&#xE15;&#xE23;&#xE2A;&#xE01;&#xE38;&#xE25;</subfield>
  </datafield>
  <datafield tag="700" ind1="0" ind2=" ">
    <subfield code="9">46011</subfield>
    <subfield code="a">&#xE19;&#xE20;&#xE32;&#xE20;&#xE23;&#xE13;&#xE4C; &#xE41;&#xE1E;&#xE17;&#xE22;&#xE4C;&#xE1E;&#xE31;&#xE19;&#xE18;&#xE38;&#xE4C;</subfield>
  </datafield>
  <datafield tag="700" ind1="0" ind2=" ">
    <subfield code="9">46012</subfield>
    <subfield code="a">&#xE19;&#xE32;&#xE16;&#xE24;&#xE14;&#xE35; &#xE2A;&#xE35;&#xE40;&#xE02;&#xE35;&#xE22;&#xE27;</subfield>
  </datafield>
  <datafield tag="700" ind1="0" ind2=" ">
    <subfield code="9">43689</subfield>
    <subfield code="a">&#xE1B;&#xE34;&#xE22;&#xE30;&#xE14;&#xE32; &#xE28;&#xE23;&#xE35;&#xE22;&#xE32;&#xE19;&#xE19;&#xE17;&#xE4C;</subfield>
  </datafield>
  <datafield tag="700" ind1="0" ind2=" ">
    <subfield code="9">46041</subfield>
    <subfield code="a">&#xE1E;&#xE23;&#xE23;&#xE13;&#xE17;&#xE34;&#xE20;&#xE32; &#xE19;&#xE34;&#xE25;&#xE42;&#xE2A;&#xE20;&#xE13;</subfield>
  </datafield>
  <datafield tag="700" ind1="0" ind2=" ">
    <subfield code="9">46054</subfield>
    <subfield code="a">&#xE23;&#xE31;&#xE07;&#xE29;&#xE35; &#xE2A;&#xE38;&#xE01;&#xE38;&#xE13;&#xE32;</subfield>
  </datafield>
  <datafield tag="700" ind1="0" ind2=" ">
    <subfield code="9">46073</subfield>
    <subfield code="a">&#xE28;&#xE38;&#xE20;&#xE42;&#xE0A;&#xE04; &#xE0A;&#xE38;&#xE19;&#xE2D;&#xE34;&#xE4B;&#xE27;</subfield>
  </datafield>
  <datafield tag="710" ind1="2" ind2=" ">
    <subfield code="a">&#xE2A;&#xE16;&#xE32;&#xE1A;&#xE31;&#xE19;&#xE1E;&#xE23;&#xE30;&#xE1B;&#xE01;&#xE40;&#xE01;&#xE25;&#xE49;&#xE32;</subfield>
    <subfield code="9">2339</subfield>
  </datafield>
  <datafield tag="850" ind1=" " ind2=" ">
    <subfield code="a">NALT</subfield>
  </datafield>
  <datafield tag="942" ind1=" " ind2=" ">
    <subfield code="c">IS</subfield>
    <subfield code="2">local</subfield>
  </datafield>
  <datafield tag="999" ind1=" " ind2=" ">
    <subfield code="c">97217</subfield>
    <subfield code="d">97217</subfield>
  </datafield>
  <datafield tag="998" ind1=" " ind2=" ">
    <subfield code="j">8</subfield>
    <subfield code="k"> &#xE19;&#xE32;&#xE22;&#xE1A;&#xE31;&#xE13;&#xE11;&#xE34;&#xE15;  &#xE2D;&#xE38;&#xE17;&#xE32;&#xE27;&#xE07;&#xE04;&#xE4C;</subfield>
  </datafield>
  <datafield tag="952" ind1=" " ind2=" ">
    <subfield code="0">0</subfield>
    <subfield code="1">0</subfield>
    <subfield code="2">local</subfield>
    <subfield code="4">0</subfield>
    <subfield code="7">0</subfield>
    <subfield code="8">CIS</subfield>
    <subfield code="a">NALT</subfield>
    <subfield code="b">NALT</subfield>
    <subfield code="c">IS</subfield>
    <subfield code="d">2020-06-30</subfield>
    <subfield code="l">0</subfield>
    <subfield code="o">IS 11/2561 &#xE01;.4</subfield>
    <subfield code="p">3961210825</subfield>
    <subfield code="r">2020-07-17 00:00:00</subfield>
    <subfield code="t">&#xE09;.1</subfield>
    <subfield code="w">2020-06-30</subfield>
    <subfield code="y">IS</subfield>
  </datafield>
  <datafield tag="952" ind1=" " ind2=" ">
    <subfield code="0">0</subfield>
    <subfield code="1">0</subfield>
    <subfield code="2">local</subfield>
    <subfield code="4">0</subfield>
    <subfield code="7">0</subfield>
    <subfield code="8">CIS</subfield>
    <subfield code="a">NALT</subfield>
    <subfield code="b">NALT</subfield>
    <subfield code="c">IS</subfield>
    <subfield code="d">2020-06-30</subfield>
    <subfield code="l">12</subfield>
    <subfield code="m">6</subfield>
    <subfield code="o">IS 11/2561 &#xE01;.4</subfield>
    <subfield code="p">3961210826</subfield>
    <subfield code="r">2024-05-24 00:00:00</subfield>
    <subfield code="s">2024-05-14</subfield>
    <subfield code="t">&#xE09;.2</subfield>
    <subfield code="w">2020-06-30</subfield>
    <subfield code="y">IS</subfield>
  </datafield>
</record>
